| 000 | 00406nam a22001457a 4500 | ||
|---|---|---|---|
| 005 | 20180312124436.0 | ||
| 008 | 170601b xxu||||| |||| 00| 0 eng d | ||
| 040 | _cPK-LaUMT | ||
| 082 |
_aZIAC 297.04 _bMUH-M |
||
| 100 | _aMuhammad Zahid Al Kaosari | ||
| 245 |
_aMaqalat ul Kausari/ _cMuhammad Zahid Al Kausari |
||
| 260 |
_aقاھرہ: _bمطبعۃ الانوار، _c[ ] |
||
| 300 | _a594 ص | ||
| 942 | _cBK | ||
| 999 |
_c94231 _d94231 |
||